Alphabetical Seconds Sudden Death - Statistics

General Stats
  • This quiz has been taken 25 times
    11 since last reset
  • The average score is 18 of 20
Answer Stats
Category Answer % Correct
Traditional English-language male names Abel
100%
National capitals Abuja
100%
Musical instruments Agung
100%
U.S. states Alaska
100%
Countries Albania
100%
U.S. state capitals Annapolis
100%
Signs of the Zodiac Aries
100%
Greek letters Beta
100%
Monarchs of England (1066–) Charles
100%
Santa's reindeer Comet
100%
The Seven Dwarfs Doc
100%
Three letter body parts Ear
100%
Colors of the rainbow Green
100%
Noble gases Helium
100%
Planets in the Solar System Jupiter
100%
Days of the week Monday
100%
Animals Aardwolf
50%
Original Beatles albums A Hard Day's Night
50%
Last names of U.S. Presidents Arthur
50%
Books of the Bible Amos
0%
No matching quizzes found
Score Distribution
Percent of People with Each Score
Percentile by Number Answered
Your Score History
You have not taken this quiz since the last reset